| 000 | 01278nam0a22002891 4500 | ||
|---|---|---|---|
| 001 | rc\3628710 | ||
| 005 | 20130115144707.4 | ||
| 021 |
_aRU _b[70-91751] |
||
| 035 | _a(NLR Aleph) 007823888 | ||
| 090 |
_a7752738 _c7752738 |
||
| 100 | _a20130115d1970 |||y0rusy50 ca | ||
| 101 | 0 | _arus | |
| 102 | _aRU | ||
| 105 | _ay z ||||| | ||
| 200 | 1 |
_aСтрана выполняет заветы В.И. Ленина _e(К 50-летию плана ГОЭЛРО) _fВолгогр. обл. организация о-ва "Знание". Обл. отд-ние Совета старейших энергетиков М-ва энергетики и электрификации СССР и Правл. НТО Э и ЭП |
|
| 210 |
_aВолгоград _cБ. и. _d1970 |
||
| 215 |
_a37 с. _d20 |
||
| 320 | _aБиблиогр.: с. 36 (9 назв.) | ||
| 532 | 1 | 0 | _aСтрана выполняет заветы Владимира Ильича Ленина |
| 606 |
_aЭлектрификация СССР _xИстория _2psbo |
||
| 700 | 1 |
_aМедведев _bС. Р. _gСтепан Романович |
|
| 702 | 1 |
_aЛенин _bВ. И. _gВладимир Ильич _4570 |
|
| 801 | 0 |
_aRU _bNLR _gpsbo |
|
| 801 | 1 |
_aRU _bELAR _2rusmarc |
|
| 852 |
_aNLR _j70-4/28680 |
||
| 942 | _cBOOK | ||
| 980 | _aNB | ||